000 00425nam a2200193Ia 4500
003 OSt
005 20251121145449.0
008 250729s1892 xx 000 0 und d
020 _a978-0486416045
040 _cAL
041 _aeng
082 _a150 JAMP
100 _aJames William
_9224669
245 _aPsychology
260 _aLondon
_c1892
300 _a478p
650 _aPsychology
_9224670
942 _2ddc
_cBED
999 _c236527
_d236527